000
00227 a2200109 4500
001
12714
090
_c
9712
_d
9712
100
_a
Tyagi,C.S.C
245
_a
Fourth estate
260
_a
LONDON
_b
Gyan Publishing House.
_c
2005
300
_a
217
942
_a
NUST-CAE
999
_c
247787
_d
247787